000 00615nam a22001937a 4500
008 160329b xxu||||| |||| 00| 0 eng d
020 _a9788120339378
082 _22010
_aDC 658.84
_bR13
100 _94407
_aRajaraman, V.
245 _aEssentials of E-commerce technology/
_cV. Rajaraman
260 _aNew Delhi:
_bPHI Learning Private Limited,
_cc2010.
300 _axiii, 246 pages:
_billustrations;
_c23.7 cm.
500 _aInclude index.
650 0 _94408
_aElectronic commerce
650 0 _94410
_aInternet marketing
650 0 _94411
_aInformation technology
365 _b1,015.00
_cPhp.
942 _2ddc
_cDC
999 _c1452
_d1452